000 00479nam a2200145 a 4500
005 20210219161356.0
008 120326s1994 mx r 000 0 spa d
035 _aUPN01000183910
049 _aUNE
080 4 _a37: 331 (7/8) "1994" EDU
245 0 0 _aEducación para el trabajo:
_binnovaciones educativas.
260 _aWashington, D. C.
_bOEA,
_c1994.
300 _a197 p.
440 0 _aDocumento de trabajo del proyecto multinacional de educación para el trabajo (PMET) ;
_v26.
999 _c156013
_d156013